000 00850nam a2200229 i 4500
001 81607
003 ES-MaACL
005 20240501063039.0
007 t|
008 041105s1957 sp ||||1| spa d
100 1 _aHuidobro, Vicente,
_d1893-1948
_964670
245 1 0 _aPoesía y prosa
_b: antología /
_cVicente Huidobro . Precedida del ensayo "Teoría del Creacionismo" / por Antonio de Undurraga ; un poema de Gerardo Diego.
260 _aMadrid :
_bAguilar,
_c1957 (
_eZarauz :
_fIcharopena)
300 _a147 p., 3 lám. :
_bretr. aut. ;
_c21 cm.
490 1 _aColección literaria
700 1 _aUndurraga, Antonio de.
_9112003
700 1 _aDiego, Gerardo,
_d1896-1987
_944545
740 0 _aTeoría del Creacionismo.
830 0 _aColección literaria
_9179831
852 _aES-MaACL
_jC-13553
_bR.40654
999 _c81607
_d81607